000 00748nam a2200265Ia 4500
003 OSt
005 20220926020903.0
006 a|||||r|||| 00| 0
007 ta
008 220923b |||||||| |||| 00| 0 eng d
037 _cGeneral Book
040 _aRTL
_cRTL
_beng
041 _2eng
_aeng
082 _aB7:3, M2
100 _aMacki Jack
_9129217
245 0 _aIntroduction to optimal control theory
260 _aNew York
_bSpringer Verlag
_c1982
300 _a165p
_ccm.
490 _aUndergraduate Texts in Mathematics
500 _aBibliography: P 160-162
650 _aOptimization
700 _a Strauss Aaron
_9129218
942 _hB7:3, M2
_cGB
_2CC
999 _c635186
_d635186